000 00511nam a2200193Ia 4500
003 GCL
008 140319s9999 xx 000 0 eng d
040 _aGCL /
_cGCL
082 0 4 _a371.1
_bN T
100 1 _aNAIK, DALGNJAN
245 1 0 _aTEACHING SKILLS THROUGH MICRO-TEACHING /
_cNAIK, DALGNJAN
700 1 _aDAS, R.C.
260 _a[S.N] :
_bDEEP &?DEEP PUBLICATION ،
_c1994
300 _a367 P
650 0 4 _aEDUCATION
650 0 4 _aTEACHER TRAINING
650 0 4 _aTEACHING - PLANNING
942 _2ddc
_cBK
999 _c10669
_d10669